000 00210 a2200097 4500
020 _a9781843224624
041 _aspa
100 _aNicola Baxter and Sam Budds
245 _a1000 First Words in Spansh
942 _cK
999 _c30529
_d30527